LEADER 02374nam 2200421 450 001 9910149450003321 005 20230617014543.0 010 $a1-63459-358-8 035 $a(CKB)3710000000933258 035 $a(MiAaPQ)EBC5245323 035 $a(EXLCZ)993710000000933258 100 $a20180312h20052005 uy 0 101 0 $aeng 135 $aurcnu|||||||| 181 $2rdacontent 182 $2rdamedia 183 $2rdacarrier 200 00$aBusiness tax stories /$fedited by Steven A. Bank, Kirk J. Stark 210 1$aNew York, New York :$cFoundation Press,$d2005. 210 4$dİ2005 215 $a1 online resource (341 pages) 311 $a1-58778-729-6 320 $aIncludes bibliographical references. 327 $tEvolutionary perspective on the history of U.S. business taxation /$rSteven A. Bank,$rKirk J. Stark --$tStory of the separate corporate income tax: a vehicle for regulating corporate managers /$rReuven S. Avi-Yonah --$tStory of the corporate reorganization provisions: from "purely paper" to corporate welfare /$rAjay K. Mehrotra --$tStory of Gregory: how are tax avoidance cases decided? /$rAssaf Likhovski --$tStory of General Utilities and its repeal: much ado about nothing? /$rHerwig J. Schlunk --$tStory of double taxation: a clash over the control of corporate earnings /$rSteven A. Bank --$tStory of Hendler: from pyrrhic victory to modern section 357 /$rKaren C. Burke --$tStory of Subchapter K: Mark H. Johnson's quest /$rMark P. Gergen --$tStory of Tufts: the "logic" of taxing nonrecourse transactions /$rLaura E. Cunningham,$rNoe?l B. Cunningham --$tStory of Seagram: the step transaction doctrine on the rocks /$rLawrence Zelenak --$tStory of LLCs: combining the best features of a flawed business tax structure /$rSusan Pace Hamill. 606 $aCorporations$xTaxation$xLaw and legislation$zUnited States$xHistory$y20th century 606 $aBusiness tax$xLaw and legislation$zUnited States$xHistory$y20th century 615 0$aCorporations$xTaxation$xLaw and legislation$xHistory 615 0$aBusiness tax$xLaw and legislation$xHistory 676 $a343.73052 702 $aBank$b Steven A.$f1969- 702 $aStark$b Kirk J. 801 0$bMiAaPQ 801 1$bMiAaPQ 801 2$bMiAaPQ 906 $aBOOK 912 $a9910149450003321 996 $aBusiness tax stories$92875341 997 $aUNINA